| 000 | 00699 a2200229 4500 | ||
|---|---|---|---|
| 003 | NUST | ||
| 020 | _a8178088045 | ||
| 038 | _acl | ||
| 040 |
_aDLC _bDLC |
||
| 082 | 0 | 0 | _a005.74 |
| 100 | 1 |
_aHoffer, Jeffrey A. _983968 |
|
| 245 | 1 | 0 |
_aModern database management _cJeffrey A. Hoffer, Mary B. Prescott, Fred R. McFadden. |
| 250 | _a6th ed. | ||
| 260 |
_aDelhi : _bPearson Education, _cc2002. |
||
| 300 |
_axxxiv, 638 p. : _bill. ; _c29 cm. |
||
| 500 | _aMcFadden's name appeared first in the previous edition. | ||
| 563 | _ahb | ||
| 650 | 0 |
_aDatabase management. _983969 |
|
| 700 | 1 |
_aMcFadden, Fred R., _d1933- _983967 |
|
| 700 | 1 |
_aMcFadden, Fred R., _d1933- _983967 |
|
| 942 |
_cBK _k005.74 HOF _2ddc |
||
| 999 |
_c4354 _d4354 |
||